000 00333 a2200157 4500
245 _aRelaxation thérapeutique
100 _aMeyer, J-P.
700 _aBaron, E.
700 _aChene, J.
260 _c1986
300 _aXII-139 p.
035 _a3582
999 _c17583
_d17583